Simulación de sistemas para administración e ingeniería

Bibliographic Details
Main Author: García, Francisco
Format: Section = Libro
Language:Undetermined
Spanish
Published: México CECSA 2005
Subjects:
LEADER 00710nam a2200217Ia 4500
008 240829s9999 xx 000 0 und d
020 |a 970-24-0843-1 
040 |a BIBLIOTECA-RUPAP 658.40352 G216 
041 |a spa 
082 |a 658.40352 G216 
100 1 |a García, Francisco  
245 1 0 |a Simulación de sistemas para administración e ingeniería 
260 |a México  |b CECSA  |c 2005 
300 |a 180 p. :il. 
650 7 |a SIMULACION - ADMINISTRACION - MODELOS 
650 7 |b  TOMA DE DECISIONES 
650 7 |c  INVESTIGACION DE OPERACIONES 
650 7 |d  SIMULACION - SISTEMAS DE COLAS. I. Sierra, Jorge, coaut. II. Guzmán, Virginia, coaut. III. Tít. 
942 |c BK  |2 ddc 
991 |a TEXTO 
999 |c 10094